Synonyms of Drunk - Statistics

General Stats
  • This quiz has been taken 41,063 times
    13,260 since last reset
  • The average score is 8 of 17
Answer Stats
Alternate Definition Word % Correct
Pounded a nail Hammered
90%
Like food that is thrown out uneaten Wasted
74%
Thrown in the garbage Trashed
73%
Torn Ripped
63%
Illuminated Lit
60%
Removed snow from a street Plowed
60%
Like close-fitting clothing Tight
51%
Hit a hard, overhead shot in tennis Smashed
49%
Angry Pissed
44%
Bombed England during WWII Blitzed
41%
Coated walls with a gypsum compound, rather than drywall Plastered
41%
Likely to topple over Tipsy
41%
Destroyed in a car accident Wrecked
40%
Like dice that are rigged Loaded
24%
Flew close to the tower Buzzed
21%
Poisoned Intoxicated
20%
Deliberately lost a sports match Tanked
10%
No matching quizzes found
Score Distribution
Percent of People with Each Score
Percentile by Number Answered
Your Score History
You have not taken this quiz since the last reset